| 000 | 00993cab a2200205 4500 | ||
|---|---|---|---|
| 001 | ABS37419 | ||
| 008 | 090401t1987 xxu||||| |||| 00| 0 eng d | ||
| 035 | _a(Sirsi) u4298 | ||
| 041 | _aeng | ||
| 100 | _aHellewell, E.G. | ||
| 245 | _aDual rate and DCF techniques of mineral valuation | ||
| 260 | _c1987 | ||
| 350 | _a0 | ||
| 490 |
_aLand & Minerals Surveying _v5 (2) February 1987, 76-84 (9) |
||
| 520 | _aThis paper considers the strengths and weaknesses of two approaches to the investment method of mineral valuation : dual rate and discounted cash flow . This is done by first examining the two different investment models on which each technique is based,before analysing whether it satisfies the criteria of the respective financial model. Also discusses the extent to which each model can accurately represent a mineral investment or an investment alternative. References. | ||
| 650 | _aMINERAL VALUATION | ||
| 690 | _aMINING AND MINERALS | ||
| 942 | _n0 | ||
| 948 | _c04/03/1997 | ||
| 999 |
_c2577 _d2577 |
||